000 01091cam a22003134a 4500
999 _c6831
_d6831
001 12962899
003 OSt
005 20210322112344.0
008 021010s2003 mdua b 001 0 eng
010 _a 2002151629
020 _a0742519236 (cloth : alk. paper)
020 _a0742519244 (pbk. : alk. paper)
040 _aDLC
_cDDC
_dDLC
042 _apcc
050 0 0 _aHM886
_b.I18 2003
082 0 0 _a303.6 IAD 2003
100 1 _aIadicola, Peter.
_913998
245 1 0 _aViolence, inequality, and human freedom /
_cPeter Iadicola and Anson Shupe.
250 _a2nd ed.
260 _aLanham :
_bRowman & Littlefield publishers, Inc.,
_c2003.
300 _aix, 405 p. :
_bill. ;
_c24 cm.
504 _aIncludes bibliographical references and index.
650 0 _aViolence.
_97463
650 0 _aCivil rights.
_913999
700 1 _aShupe, Anson D.
_914000
906 _a7
_bcbc
_corignew
_d1
_eecip
_f20
_gy-gencatlg
942 _2ddc
_cO_SHELF